|
|
|
|
| LEADER |
00000naa0a2200000 4500 |
| 001 |
597669 |
| 005 |
20250210093334.0 |
| 035 |
|
|
|a (RuTPU)RU\TPU\tpu\21035
|
| 035 |
|
|
|a RU\TPU\tpu\21034
|
| 090 |
|
|
|a 597669
|
| 100 |
|
|
|a 20120423d1999 k y0rusy50 ca
|
| 101 |
0 |
|
|a rus
|
| 102 |
|
|
|a RU
|
| 200 |
1 |
|
|a Коррекционное обучение слабослышащих учащихся с использованием информационных технологий
|f Е. Ю. Азбукина
|
| 333 |
|
|
|a В фонде НТБ ТПУ отсутствует
|
| 461 |
|
|
|t Сибирская школа молодого ученого
|o труды региональной научно-практической конференции, Томск, 1999 г.
|d 1999
|
| 463 |
|
|
|t Т. 2 : Педагогика и теория образования. Психология. Физическая культура и спорт
|v С. 33-35
|d 1999
|
| 610 |
1 |
|
|a труды учёных ТПУ
|
| 700 |
|
1 |
|a Азбукина
|b Е. Ю.
|c лингвист
|c доцент Томского политехнического университета, кандидат педагогических наук
|g Елена Юрьевна
|3 (RuTPU)RU\TPU\pers\26985
|
| 801 |
|
1 |
|a RU
|b 63413507
|c 20120423
|
| 801 |
|
2 |
|a RU
|b 63413507
|c 20120925
|g RCR
|
| 942 |
|
|
|c BK
|